000
00282nam a22001337a 4500
003
SGT
082
_a
370
_b
D16M
100
_a
MISHRA, L.N.
245
_a
DICTIONARY OF MATHEMATICS
260
_a
NEW DELHI
_b
APH PUB
_c
2016
300
_a
251
650
_a
EDUCATION
942
_2
ddc
_c
BK
_0
6
999
_c
12247
_d
12247